[Event "Zetters"]
[Site "Birmingham"]
[Date "1975.04.05"]
[Round "9"]
[White "Mestel, A Jonathan"]
[Black "Webb, Simon"]
[Result "0-1"]
[WhiteElo "2290"]
[BlackElo "2385"]
[PlyCount "110"]
[EventDate "1975.03.27"]
[EventType "tourn"]
[EventRounds "15"]
[EventCountry "ENG"]
[EventCategory "6"]
[SourceTitle "BritBase"]
[Source "John Saunders"]
[SourceDate "2025.06.06"]
[SourceVersion "1"]
[SourceVersionDate "2025.06.06"]
[SourceQuality "1"]

1. d4 Nf6 2. Nc3 d5 3. Bg5 Nbd7 4. f3 c6 5. e4 dxe4 6. Qd2 Qa5 7. Bxf6 Nxf6 8. fxe4 e5 9. dxe5 Ng4 10. Be2 Nxe5 11. Nf3 Be7 12. O-O Nxf3+ 13. Rxf3 Be6 14. Kh1 Qe5 15. Rd1 O-O 16. Rd3 b5 17. Bf3 g6 18. g3 Rad8 19. Qf4 f6 20. Qxe5 fxe5 21. Rxd8 Rxd8 22. Rxd8+ Bxd8 23. b3 Bb6 24. Kg2 Kf7 25. Nd1 a5 26. Nf2 Ke7 27. Bg4 Bf7 28. Kf1 Kd6 29. Ke2 Bd4 30. Nd1 a4 31. h4 a3 32. Kd3 h5 33. Bh3 Bg1 34. Ke2 b4 35. Kf1 Bd4 36. Ke1 c5 37. Bf1 c4 38. bxc4 Kc5 39. Kd2 Bg1 40. Be2 Be6 41. Bf1 Bg4 42. Bd3 Bf3 43. Kc1 Kd4 44. c5 Kxc5 45. c3 Bh2 46. cxb4+ Kxb4 47. Ne3 Bxg3 48. Nd5+ Kc5 49. Ne7 Kd4 50. Kd2 Bxe4 51. Bxe4 Kxe4 52. Nxg6 Kf3 53. Ne7 e4 54. Nf5 Bf2 55. Kd1 Bc5 0-1

[Event "Zetters"]
[Site "Birmingham"]
[Date "1975.04.06"]
[Round "10"]
[White "Ball, John David L"]
[Black "Janosevic, Dragoljub"]
[Result "0-1"]
[WhiteElo "2200"]
[BlackElo "2465"]
[PlyCount "86"]
[EventDate "1975.03.27"]
[EventType "tourn"]
[EventRounds "15"]
[EventCountry "ENG"]
[EventCategory "6"]
[SourceTitle "BritBase"]
[Source "John Saunders"]
[SourceDate "2025.06.06"]
[SourceVersion "1"]
[SourceVersionDate "2025.06.06"]
[SourceQuality "1"]

1. e4 c5 2. Nf3 Nc6 3. d4 cxd4 4. Nxd4 Qc7 5. Nc3 e6 6. g3 a6 7. Bg2 Nf6 8. O-O h6 9. Be3 d6 10. Qe2 Nxd4 11. Bxd4 e5 12. Be3 Be6 13. Nd5 Bxd5 14. exd5 Be7 15. c4 O-O 16. Rac1 a5 17. f4 Nd7 18. Qh5 Bf6 19. fxe5 Bxe5 20. Rf2 Nf6 21. Qh4 Rfe8 22. Rcf1 Qe7 23. Bc1 Rac8 24. Bh3 Rc7 25. Bf5 Qf8 26. Bd3 g5 27. Bxg5 hxg5 28. Qxg5+ Qg7 29. Qh4 Qg4 30. Rxf6 Qxh4 31. gxh4 Bxf6 32. Rxf6 Re3 33. Bf1 Rd7 34. Kf2 Re4 35. Kg3 Kg7 36. Rf3 Rde7 37. Kf2 Rxh4 38. h3 Rd4 39. Rb3 Rd2+ 40. Kf3 Re1 41. Bd3 a4 42. Ra3 Rxb2 43. Rxa4 Ra1 0-1

[Event "Zetters"]
[Site "Birmingham"]
[Date "1975.04.06"]
[Round "10"]
[White "Corden, Martyn John"]
[Black "Cafferty, Bernard"]
[Result "1/2-1/2"]
[WhiteElo "2315"]
[BlackElo "2335"]
[PlyCount "53"]
[EventDate "1975.03.27"]
[EventType "tourn"]
[EventRounds "15"]
[EventCountry "ENG"]
[EventCategory "6"]
[SourceTitle "BritBase"]
[Source "John Saunders"]
[SourceDate "2025.06.06"]
[SourceVersion "1"]
[SourceVersionDate "2025.06.06"]
[SourceQuality "1"]

1. e4 c5 2. Nf3 Nc6 3. Bb5 g6 4. O-O Bg7 5. Re1 Nf6 6. c3 O-O 7. d4 cxd4 8. cxd4 d5 9. e5 Ne4 10. Nc3 Nxc3 11. bxc3 Qa5 12. Qb3 Bg4 13. Nd2 Rac8 14. Ba3 Rc7 15. Bxc6 bxc6 16. Qb4 Qa6 17. Nb3 Bf5 18. Nc5 Qb6 19. Re2 Qxb4 20. Bxb4 Re8 21. f3 h5 22. Rb2 Bh6 23. Re1 Rcc8 24. Rb3 a5 25. Bxa5 Ra8 26. Ra3 Ra7 27. Bb4 1/2-1/2

[Event "Zetters"]
[Site "Birmingham"]
[Date "1975.04.06"]
[Round "10"]
[White "Haag, Ervin"]
[Black "Gasic, Bozidar"]
[Result "1/2-1/2"]
[WhiteElo "2430"]
[BlackElo "2365"]
[PlyCount "42"]
[EventDate "1975.03.27"]
[EventType "tourn"]
[EventRounds "15"]
[EventCountry "ENG"]
[EventCategory "6"]
[SourceTitle "BritBase"]
[Source "John Saunders"]
[SourceDate "2025.06.06"]
[SourceVersion "1"]
[SourceVersionDate "2025.06.06"]
[SourceQuality "1"]

1. e4 c5 2. Nf3 e6 3. d4 cxd4 4. Nxd4 Nc6 5. Nb5 d6 6. c4 a6 7. N5c3 Nf6 8. Be2 Be7 9. O-O O-O 10. Be3 b6 11. f4 Rb8 12. Na3 Bb7 13. Bf3 Nd7 14. Qd2 Qc7 15. Rac1 Rbc8 16. Rfe1 Qb8 17. Bf2 Rfd8 18. Nab1 Ba8 19. Qe2 Bf6 20. Red1 Be7 21. Nd2 Rc7 1/2-1/2

[Event "Zetters"]
[Site "Birmingham"]
[Date "1975.04.06"]
[Round "10"]
[White "Matera, Salvatore Joseph"]
[Black "Damjanovic, Mato"]
[Result "1-0"]
[WhiteElo "2385"]
[BlackElo "2455"]
[PlyCount "115"]
[EventDate "1975.03.27"]
[EventType "tourn"]
[EventRounds "15"]
[EventCountry "ENG"]
[EventCategory "6"]
[SourceTitle "BritBase"]
[Source "John Saunders"]
[SourceDate "2025.06.06"]
[SourceVersion "1"]
[SourceVersionDate "2025.06.06"]
[SourceQuality "1"]

1. c4 e5 2. Nc3 Nf6 3. Nf3 Nc6 4. d3 Bb4 5. Bd2 a5 6. e3 O-O 7. Be2 Re8 8. O-O d6 9. Nd5 Nxd5 10. cxd5 Ne7 11. e4 Bxd2 12. Nxd2 c6 13. dxc6 Nxc6 14. Bg4 Bxg4 15. Qxg4 Re6 16. Qd1 d5 17. Nf3 Rd6 18. Qb3 Qd7 19. Rac1 Rg6 20. g3 Rf6 21. exd5 Rxf3 22. dxc6 bxc6 23. Qc3 Rxd3 24. Qxc6 Qd8 25. Rc5 f6 26. Qe6+ Kh8 27. Rfc1 h6 28. Kg2 Rd7 29. b3 Rd6 30. Qf5 Rd7 31. R1c4 Qe7 32. Qe4 Qd8 33. Ra4 Rd4 34. Rxd4 exd4 35. Rd5 Qf8 36. Rxd4 Re8 37. Qd5 Re5 38. Qd8 Qxd8 39. Rxd8+ Kh7 40. Rd4 h5 41. Kf3 g5 42. Re4 Rc5 43. Ke3 Kg6 44. Kd3 Rf5 45. Ke3 Rc5 46. Rc4 Re5+ 47. Kd3 g4 48. Rf4 f5 49. a3 Re1 50. Kc4 Ra1 51. a4 Rb1 52. Kb5 Rxb3+ 53. Kxa5 Rb2 54. Ka6 Kf6 55. a5 Ke6 56. Ka7 Ke5 57. a6 Ke6 58. Ka8 1-0

[Event "Zetters"]
[Site "Birmingham"]
[Date "1975.04.06"]
[Round "10"]
[White "Matulovic, Milan"]
[Black "Mestel, A Jonathan"]
[Result "0-1"]
[WhiteElo "2530"]
[BlackElo "2290"]
[PlyCount "85"]
[EventDate "1975.03.27"]
[EventType "tourn"]
[EventRounds "15"]
[EventCountry "ENG"]
[EventCategory "6"]
[SourceTitle "BritBase"]
[Source "John Saunders"]
[SourceDate "2025.06.06"]
[SourceVersion "1"]
[SourceVersionDate "2025.06.06"]
[SourceQuality "1"]

1. e4 c5 2. Nf3 d6 3. d4 cxd4 4. Nxd4 Nf6 5. Nc3 g6 6. Be3 Bg7 7. f3 O-O 8. Qd2 Nc6 9. Bc4 Bd7 10. Bb3 Ne5 11. h4 h5 12. O-O-O Rc8 13. Kb1 Nc4 14. Bxc4 Rxc4 15. Nde2 Qc7 16. Bd4 Be6 17. b3 Rc6 18. Nf4 Rc8 19. Nxe6 fxe6 20. Nb5 Qb8 21. c4 b6 22. Bxf6 Bxf6 23. g4 Rc5 24. gxh5 Rxh5 25. Rdg1 Kf7 26. f4 a6 27. Nd4 b5 28. cxb5 Qb6 29. e5 dxe5 30. Qd3 Rg8 31. fxe5 Rxe5 32. Nc2 Rd5 33. Qe2 Rxb5 34. Rg3 a5 35. h5 gxh5 36. Rxg8 Kxg8 37. Rxh5 Rxh5 38. Qxh5 Qg1+ 39. Ne1 Qxe1+ 40. Kc2 Qc3+ 41. Kd1 Qa1+ 42. Ke2 Qxa2+ 43. Kf1 0-1

[Event "Zetters"]
[Site "Birmingham"]
[Date "1975.04.08"]
[Round "11"]
[White "Botterill, George Steven"]
[Black "Corden, Martyn John"]
[Result "1/2-1/2"]
[WhiteElo "2400"]
[BlackElo "2315"]
[PlyCount "36"]
[EventDate "1975.03.27"]
[EventType "tourn"]
[EventRounds "15"]
[EventCountry "ENG"]
[EventCategory "6"]
[SourceTitle "BritBase"]
[Source "John Saunders"]
[SourceDate "2025.06.06"]
[SourceVersion "1"]
[SourceVersionDate "2025.06.06"]
[SourceQuality "1"]

1. e4 e5 2. Nf3 Nc6 3. d4 exd4 4. Nxd4 Nf6 5. Nxc6 bxc6 6. e5 Qe7 7. Qe2 Nd5 8. c4 Nb6 9. Nc3 Qe6 10. b3 Bb4 11. Bb2 O-O 12. O-O-O Re8 13. Qc2 Qxe5 14. Nd5 Ba3 15. Bxa3 cxd5 16. c5 Qa1+ 17. Kd2 Qd4+ 18. Kc1 Qa1+ 1/2-1/2

[Event "Zetters"]
[Site "Birmingham"]
[Date "1975.04.08"]
[Round "11"]
[White "Chellstorp, Craig"]
[Black "Matulovic, Milan"]
[Result "0-1"]
[WhiteElo "2380"]
[BlackElo "2530"]
[PlyCount "58"]
[EventDate "1975.03.27"]
[EventType "tourn"]
[EventRounds "15"]
[EventCountry "ENG"]
[EventCategory "6"]
[SourceTitle "BritBase"]
[Source "John Saunders"]
[SourceDate "2025.06.06"]
[SourceVersion "1"]
[SourceVersionDate "2025.06.06"]
[SourceQuality "1"]

1. b3 e5 2. Bb2 Nc6 3. e3 d6 4. c4 g6 5. d4 Bg7 6. dxe5 Nxe5 7. Qd2 Nf6 8. Nc3 O-O 9. Be2 b6 10. Nf3 Bb7 11. O-O-O Ned7 12. Ng5 Bxg2 13. Rhg1 Bb7 14. h4 a5 15. h5 Nc5 16. Qc2 Qe7 17. Rd4 h6 18. Nf3 Nxh5 19. Nh4 Nf6 20. Nxg6 fxg6 21. Qxg6 Kh8 22. Rh4 Ng8 23. Rhg4 Rf7 24. Bd1 Qe6 25. Bc2 Qxg6 26. Rxg6 Bf6 27. R1g3 Raf8 28. Ne2 Bxb2+ 29. Kxb2 Be4 0-1

[Event "Zetters"]
[Site "Birmingham"]
[Date "1975.04.08"]
[Round "11"]
[White "Gasic, Bozidar"]
[Black "Ball, John David L"]
[Result "0-1"]
[WhiteElo "2365"]
[BlackElo "2200"]
[PlyCount "83"]
[EventDate "1975.03.27"]
[EventType "tourn"]
[EventRounds "15"]
[EventCountry "ENG"]
[EventCategory "6"]
[SourceTitle "BritBase"]
[Source "John Saunders"]
[SourceDate "2025.06.06"]
[SourceVersion "1"]
[SourceVersionDate "2025.06.06"]
[SourceQuality "1"]

1. d4 d5 2. Nf3 Nf6 3. Bf4 g6 4. e3 Bg7 5. Bd3 O-O 6. Nbd2 Nbd7 7. c3 b6 8. Bg5 Bb7 9. Qc2 c5 10. O-O Rc8 11. Rae1 Re8 12. Ne5 Nxe5 13. dxe5 Ng4 14. Bb5 Rf8 15. e6 fxe6 16. Qa4 Ne5 17. f4 Nc6 18. Bxc6 Bxc6 19. Qd1 d4 20. exd4 cxd4 21. c4 d3 22. Rxe6 Qd4+ 23. Kh1 Qxb2 24. Bxe7 Rfe8 25. Nf3 Qc2 26. Re3 Qxd1 27. Rxd1 Bxf3 28. gxf3 Bf8 29. Rdxd3 Rxe7 30. Rxe7 Bxe7 31. Rd7 Kf7 32. Rxa7 Rxc4 33. a4 Rxf4 34. Kg2 Rb4 35. a5 Rb2+ 36. Kh1 bxa5 37. Rxa5 Rf2 38. Ra7 Rxf3 39. Kg2 Rb3 40. h3 h5 41. Kh2 Ke6 42. Kg2 0-1

[Event "Zetters"]
[Site "Birmingham"]
[Date "1975.04.08"]
[Round "11"]
[White "Janosevic, Dragoljub"]
[Black "Bisguier, Arthur Bernard"]
[Result "1/2-1/2"]
[WhiteElo "2465"]
[BlackElo "2445"]
[PlyCount "66"]
[EventDate "1975.03.27"]
[EventType "tourn"]
[EventRounds "15"]
[EventCountry "ENG"]
[EventCategory "6"]
[SourceTitle "BritBase"]
[Source "John Saunders"]
[SourceDate "2025.06.06"]
[SourceVersion "1"]
[SourceVersionDate "2025.06.06"]
[SourceQuality "1"]

1. e4 e5 2. Nf3 Nc6 3. Bb5 a6 4. Ba4 Nf6 5. O-O Be7 6. Re1 b5 7. Bb3 O-O 8. a4 Bb7 9. d3 d6 10. Nbd2 Nd7 11. c3 Bf6 12. Bc2 Ne7 13. d4 c5 14. Nf1 cxd4 15. cxd4 Nc6 16. d5 Nb4 17. Bb1 bxa4 18. Qxa4 a5 19. Be3 Na6 20. N1d2 Nac5 21. Qa3 a4 22. Bc2 Be7 23. Nc4 f5 24. Nfxe5 Nxe5 25. Nxe5 dxe5 26. Bxc5 Bxc5 27. Qxc5 Rc8 28. Qb5 Rxc2 29. Qxb7 fxe4 30. Rf1 Qf6 31. Qa7 Rxb2 32. Rxa4 Re2 33. Ra3 Rd2 1/2-1/2

[Event "Zetters"]
[Site "Birmingham"]
[Date "1975.04.09"]
[Round "12"]
[White "Cafferty, Bernard"]
[Black "Botterill, George Steven"]
[Result "0-1"]
[WhiteElo "2335"]
[BlackElo "2400"]
[PlyCount "86"]
[EventDate "1975.03.27"]
[EventType "tourn"]
[EventRounds "15"]
[EventCountry "ENG"]
[EventCategory "6"]
[SourceTitle "BritBase"]
[Source "John Saunders"]
[SourceDate "2025.06.06"]
[SourceVersion "1"]
[SourceVersionDate "2025.06.06"]
[SourceQuality "1"]

1. b3 e5 2. Bb2 Nc6 3. e3 d5 4. Bb5 Bd6 5. c4 dxc4 6. Bxc4 Nf6 7. Nc3 O-O 8. Nge2 a6 9. Ng3 Qe7 10. a3 Be6 11. Qc2 Na5 12. Nce4 Nxe4 13. Nxe4 f5 14. Nxd6 cxd6 15. Bc3 Nxc4 16. bxc4 Rac8 17. d3 e4 18. Rd1 f4 19. Bd4 exd3 20. Qxd3 Bxc4 21. Qd2 Qg5 22. g3 f3 23. Rc1 Rc6 24. Qb4 Qf5 25. Rc3 b5 26. h4 a5 27. Qb2 Rb8 28. Bxg7 b4 29. Rc1 Qd3 30. Bh6 Rb7 31. axb4 axb4 32. Ra1 Qc3+ 33. Qxc3 bxc3 34. e4 Rb2 35. Be3 Re2+ 36. Kd1 Bd3 37. Ra8+ Kf7 38. Ra7+ Ke6 39. h5 Rxe3 40. fxe3 f2 41. Rxh7 f1=Q+ 42. Rxf1 Bxf1 43. h6 Bd3 0-1

[Event "Zetters"]
[Site "Birmingham"]
[Date "1975.04.09"]
[Round "12"]
[White "Corden, Martyn John"]
[Black "Janosevic, Dragoljub"]
[Result "0-1"]
[WhiteElo "2315"]
[BlackElo "2465"]
[PlyCount "104"]
[EventDate "1975.03.27"]
[EventType "tourn"]
[EventRounds "15"]
[EventCountry "ENG"]
[EventCategory "6"]
[SourceTitle "BritBase"]
[Source "John Saunders"]
[SourceDate "2025.06.06"]
[SourceVersion "1"]
[SourceVersionDate "2025.06.06"]
[SourceQuality "1"]

1. e4 c5 2. Nf3 Nc6 3. Bb5 g6 4. O-O Bg7 5. Re1 Nf6 6. c3 O-O 7. d4 cxd4 8. cxd4 d5 9. e5 Ne4 10. Nc3 Nxc3 11. bxc3 Na5 12. h3 Bd7 13. a4 Rc8 14. Ba3 Nc4 15. Bc5 b6 16. Bxc4 dxc4 17. Ba3 Bc6 18. a5 bxa5 19. Nd2 Qd5 20. f3 Rfe8 21. Bc5 a4 22. Qe2 Bb5 23. Bxa7 f6 24. e6 f5 25. Nb1 Rc6 26. Qe3 Ra8 27. Bc5 Raa6 28. Na3 Rxe6 29. Qf4 Bd7 30. Bxe7 Kf7 31. Bc5 Rac6 32. Bb4 h6 33. Nc2 g5 34. Qb8 Rc8 35. Qa7 Ra8 36. Qc7 Qc6 37. Qxc6 Rxe1+ 38. Rxe1 Bxc6 39. Re7+ Kg8 40. Rc7 Bd5 41. Na3 f4 42. h4 gxh4 43. Bd6 h3 44. gxh3 Ra6 45. Bb4 Rg6+ 46. Kf2 Rg3 47. Nxc4 Rxf3+ 48. Ke2 Rxh3 49. Nb6 Be4 50. Bd6 Rh2+ 51. Kf1 a3 52. Bxa3 f3 0-1

[Event "Zetters"]
[Site "Birmingham"]
[Date "1975.04.09"]
[Round "12"]
[White "Haag, Ervin"]
[Black "Mestel, A Jonathan"]
[Result "1/2-1/2"]
[WhiteElo "2430"]
[BlackElo "2290"]
[PlyCount "138"]
[EventDate "1975.03.27"]
[EventType "tourn"]
[EventRounds "15"]
[EventCountry "ENG"]
[EventCategory "6"]
[SourceTitle "BritBase"]
[Source "John Saunders"]
[SourceDate "2025.06.06"]
[SourceVersion "1"]
[SourceVersionDate "2025.06.06"]
[SourceQuality "1"]

1. e4 c5 2. Nf3 d6 3. d4 cxd4 4. Nxd4 Nf6 5. Nc3 g6 6. Be2 Bg7 7. O-O Nc6 8. Nb3 O-O 9. Bg5 Be6 10. f4 b5 11. Bf3 b4 12. Nd5 Bxd5 13. exd5 Na5 14. Qe2 Rc8 15. Kh1 Nxb3 16. cxb3 Rc5 17. Rac1 Qc7 18. Rc4 h6 19. Bh4 Qa5 20. Rxc5 Qxc5 21. Bf2 Qa5 22. Qxe7 Nxd5 23. Qxd6 Rd8 24. Qc5 Qxc5 25. Bxc5 Nxf4 26. Bxb4 Bxb2 27. Bc5 Bd4 28. Rd1 Ne6 29. Bb4 Kg7 30. Be2 Bb6 31. Rxd8 Bxd8 32. Bc4 Kf6 33. Bc3+ Kf5 34. b4 Ke4 35. a4 Bc7 36. a5 Be5 37. Be1 Kd4 38. Ba2 Nd8 39. Bf2+ Kc3 40. b5 Bd4 41. Bg3 Kb4 42. Bc7 Nb7 43. a6 Nc5 44. b6 Nxa6 45. Bd6+ Kc3 46. b7 f6 47. b8=Q Nxb8 48. Bxb8 a5 49. Bf7 Be5 50. Ba7 a4 51. Bxg6 a3 52. Bf7 f5 53. Be3 f4 54. Bc5 Kb2 55. Kg1 a2 56. Bxa2 Kxa2 57. Kf2 Kb3 58. Kf3 Kc4 59. Ke4 Bc7 60. Bg1 h5 61. h3 Kc3 62. Bd4+ Kd2 63. Be5 Bxe5 64. Kxe5 Ke3 65. Kf5 f3 66. gxf3 Kxf3 67. h4 Ke3 68. Kg5 Ke4 69. Kxh5 Kf5 1/2-1/2

[Event "Zetters"]
[Site "Birmingham"]
[Date "1975.04.09"]
[Round "12"]
[White "Matera, Salvatore Joseph"]
[Black "Chellstorp, Craig"]
[Result "1/2-1/2"]
[WhiteElo "2385"]
[BlackElo "2380"]
[PlyCount "38"]
[EventDate "1975.03.27"]
[EventType "tourn"]
[EventRounds "15"]
[EventCountry "ENG"]
[EventCategory "6"]
[SourceTitle "BritBase"]
[Source "John Saunders"]
[SourceDate "2025.06.06"]
[SourceVersion "1"]
[SourceVersionDate "2025.06.06"]
[SourceQuality "1"]

1. c4 e5 2. g3 Nf6 3. d3 c6 4. Nf3 Bd6 5. Bg2 Bc7 6. O-O O-O 7. Nc3 h6 8. e4 d5 9. exd5 cxd5 10. Nb5 Nc6 11. Nxc7 Qxc7 12. cxd5 Nxd5 13. Re1 Rd8 14. Bd2 Bg4 15. Qa4 Qd7 16. Nxe5 Nxe5 17. Qxd7 Nxd7 18. Bxd5 Nc5 19. Bc4 Nxd3 1/2-1/2

[Event "Zetters"]
[Site "Birmingham"]
[Date "1975.04.10"]
[Round "13"]
[White "Chellstorp, Craig"]
[Black "Haag, Ervin"]
[Result "1/2-1/2"]
[WhiteElo "2380"]
[BlackElo "2430"]
[PlyCount "52"]
[EventDate "1975.03.27"]
[EventType "tourn"]
[EventRounds "15"]
[EventCountry "ENG"]
[EventCategory "6"]
[SourceTitle "BritBase"]
[Source "John Saunders"]
[SourceDate "2025.06.06"]
[SourceVersion "1"]
[SourceVersionDate "2025.06.06"]
[SourceQuality "1"]

1. d4 Nf6 2. c4 e6 3. Nf3 b6 4. g3 Ba6 5. Qa4 c5 6. Bg2 Bb7 7. d5 exd5 8. cxd5 Bxd5 9. Nc3 Bc6 10. Qb3 Be7 11. Ne5 O-O 12. Nxc6 Nxc6 13. Bg5 Rb8 14. O-O Nd4 15. Qd1 b5 16. e3 Ne6 17. Bxf6 Bxf6 18. Qc2 Bxc3 19. Qxc3 d5 20. Qe5 d4 21. Rfd1 Qf6 22. exd4 cxd4 23. Qxf6 gxf6 24. Rd2 Rfd8 25. f4 Rb6 26. Rc1 Ra6 1/2-1/2

[Event "Zetters"]
[Site "Birmingham"]
[Date "1975.04.10"]
[Round "13"]
[White "Gasic, Bozidar"]
[Black "Corden, Martyn John"]
[Result "1-0"]
[WhiteElo "2365"]
[BlackElo "2315"]
[PlyCount "81"]
[EventDate "1975.03.27"]
[EventType "tourn"]
[EventRounds "15"]
[EventCountry "ENG"]
[EventCategory "6"]
[SourceTitle "BritBase"]
[Source "John Saunders"]
[SourceDate "2025.06.06"]
[SourceVersion "1"]
[SourceVersionDate "2025.06.06"]
[SourceQuality "1"]

1. e4 e5 2. Nf3 Nc6 3. Bb5 a6 4. Ba4 Nf6 5. d3 d6 6. c3 b5 7. Bb3 h6 8. Nbd2 g6 9. a4 Bb7 10. a5 Bg7 11. O-O O-O 12. Re1 Nb8 13. d4 Nfd7 14. d5 c5 15. c4 f5 16. exf5 gxf5 17. g3 Rf7 18. Nh4 Nf8 19. Nf1 f4 20. f3 Bc8 21. Nd2 Nbd7 22. Qe2 Rb8 23. Bc2 Nf6 24. Ng2 fxg3 25. hxg3 bxc4 26. Nxc4 Nh5 27. Kf2 Bg4 28. Be4 Nf6 29. Nh4 Rb3 30. Nd2 Rb5 31. Kg2 Bh5 32. Nc4 Nxe4 33. Qxe4 Nh7 34. Rh1 Ng5 35. Bxg5 hxg5 36. Nf5 Bg6 37. Nh6+ Bxh6 38. Qxg6+ Bg7 39. Rh8+ Kxh8 40. Qxf7 Bh6 41. Rh1 1-0

[Event "Zetters"]
[Site "Birmingham"]
[Date "1975.04.10"]
[Round "13"]
[White "Janosevic, Dragoljub"]
[Black "Cafferty, Bernard"]
[Result "1-0"]
[WhiteElo "2465"]
[BlackElo "2335"]
[PlyCount "79"]
[EventDate "1975.03.27"]
[EventType "tourn"]
[EventRounds "15"]
[EventCountry "ENG"]
[EventCategory "6"]
[SourceTitle "BritBase"]
[Source "John Saunders"]
[SourceDate "2025.06.06"]
[SourceVersion "1"]
[SourceVersionDate "2025.06.06"]
[SourceQuality "1"]

1. e4 Nf6 2. e5 Nd5 3. d4 d6 4. c4 Nb6 5. f4 Bf5 6. Nc3 e6 7. Nf3 dxe5 8. fxe5 Nc6 9. Be3 Nb4 10. Rc1 c5 11. a3 cxd4 12. Bg5 dxc3 13. Bxd8 cxb2 14. Bg5 bxc1=Q 15. Qxc1 Nc2+ 16. Kf2 Bc5+ 17. Kg3 h6 18. Bd2 Bxa3 19. Qb1 O-O 20. Qb3 Nd7 21. Be3 Bc5 22. Bf2 Bxf2+ 23. Kxf2 Nc5 24. Qb2 Rfd8 25. Be2 Ne4+ 26. Kg1 Ne3 27. Qb3 Ng4 28. h3 Ngf2 29. Rh2 Nc5 30. Qe3 Nfe4 31. g4 Bh7 32. g5 hxg5 33. Rg2 Bg6 34. Nxg5 Nxg5 35. Qxg5 a5 36. h4 a4 37. h5 a3 38. hxg6 fxg6 39. Qxg6 Rd7 40. Rh2 1-0

[Event "Zetters"]
[Site "Birmingham"]
[Date "1975.04.10"]
[Round "13"]
[White "Mestel, A Jonathan"]
[Black "Ball, John David L"]
[Result "1-0"]
[WhiteElo "2290"]
[BlackElo "2200"]
[PlyCount "49"]
[EventDate "1975.03.27"]
[EventType "tourn"]
[EventRounds "15"]
[EventCountry "ENG"]
[EventCategory "6"]
[SourceTitle "BritBase"]
[Source "John Saunders"]
[SourceDate "2025.06.06"]
[SourceVersion "1"]
[SourceVersionDate "2025.06.06"]
[SourceQuality "1"]

1. e4 e5 2. Nf3 Nc6 3. Bb5 a6 4. Ba4 Nf6 5. d4 Nxe4 6. Qe2 f5 7. dxe5 Nc5 8. Bxc6 dxc6 9. O-O Ne6 10. Rd1 Bd7 11. Nc3 Bb4 12. Qd3 Bxc3 13. bxc3 g6 14. Bg5 Nxg5 15. Nxg5 Qe7 16. e6 Bc8 17. Re1 O-O 18. Qc4 Re8 19. Qh4 Qg7 20. e7 h6 21. Qc4+ Kh8 22. Nf7+ Kh7 23. Rad1 Qf6 24. Rd8 Rxe7 25. Ng5+ 1-0

[Event "Zetters"]
[Site "Birmingham"]
[Date "1975.04.10"]
[Round "13"]
[White "Webb, Simon"]
[Black "Matulovic, Milan"]
[Result "1/2-1/2"]
[WhiteElo "2385"]
[BlackElo "2530"]
[PlyCount "102"]
[EventDate "1975.03.27"]
[EventType "tourn"]
[EventRounds "15"]
[EventCountry "ENG"]
[EventCategory "6"]
[SourceTitle "BritBase"]
[Source "John Saunders"]
[SourceDate "2025.06.06"]
[SourceVersion "1"]
[SourceVersionDate "2025.06.06"]
[SourceQuality "1"]

1. Nf3 g6 2. e4 d6 3. d4 Nf6 4. Nc3 Bg7 5. Be2 O-O 6. O-O Bg4 7. Be3 Nc6 8. Qd2 e5 9. dxe5 dxe5 10. Rad1 Qc8 11. Qc1 Rd8 12. Rxd8+ Qxd8 13. Rd1 Qf8 14. h3 Bxf3 15. Bxf3 Rd8 16. Rxd8 Qxd8 17. Qd2 Qxd2 18. Bxd2 Nd4 19. Bd1 c6 20. f3 Bf8 21. Kf2 Nd7 22. Be3 b5 23. Ne2 Bc5 24. c3 Nxe2 25. Bxe2 a5 26. b4 axb4 27. Bxc5 Nxc5 28. cxb4 Ne6 29. g3 Kf8 30. Ke3 g5 31. Bd1 h5 32. Bb3 Nd4 33. f4 h4 34. fxg5 hxg3 35. h4 Kg7 36. h5 f6 37. g6 f5 38. exf5 Nxf5+ 39. Kf3 e4+ 40. Kg2 Kh6 41. Bd1 Ne3+ 42. Kxg3 Nxd1 43. a3 Kg7 44. Kf4 e3 45. Kf3 Kf6 46. Ke2 Nb2 47. Kxe3 Nc4+ 48. Kd4 Nxa3 49. Kc5 Nc2 50. Kxc6 Nxb4+ 51. Kxb5 Nd5 1/2-1/2

[Event "Zetters"]
[Site "Birmingham"]
[Date "1975.04.11"]
[Round "14"]
[White "Ball, John David L"]
[Black "Chellstorp, Craig"]
[Result "0-1"]
[WhiteElo "2200"]
[BlackElo "2380"]
[PlyCount "72"]
[EventDate "1975.03.27"]
[EventType "tourn"]
[EventRounds "15"]
[EventCountry "ENG"]
[EventCategory "6"]
[SourceTitle "BritBase"]
[Source "John Saunders"]
[SourceDate "2025.06.06"]
[SourceVersion "1"]
[SourceVersionDate "2025.06.06"]
[SourceQuality "1"]

1. e4 c5 2. Nf3 d6 3. d4 cxd4 4. Nxd4 Nf6 5. Nc3 a6 6. Bg5 e6 7. f4 Be7 8. Qf3 h6 9. Bh4 Nbd7 10. O-O-O Qc7 11. Bd3 g5 12. fxg5 Ne5 13. Qe2 Nfg4 14. h3 hxg5 15. Bg3 Nf6 16. Rhf1 Bd7 17. Nf3 Nh5 18. Bh2 f6 19. Qe3 O-O-O 20. Rd2 Rdg8 21. Rfd1 g4 22. Nxe5 fxe5 23. Be2 gxh3 24. gxh3 Bg5 25. Qa7 Bxd2+ 26. Rxd2 Nf4 27. Qa8+ Qb8 28. Qxb8+ Kxb8 29. Rxd6 Kc7 30. Rd2 Rxh3 31. Bf1 Rf3 32. Bd3 Bc6 33. Kd1 b5 34. a3 Rd8 35. Ke1 Rd4 36. Ne2 Ng2+ 0-1

[Event "Zetters"]
[Site "Birmingham"]
[Date "1975.04.11"]
[Round "14"]
[White "Cafferty, Bernard"]
[Black "Gasic, Bozidar"]
[Result "1-0"]
[WhiteElo "2335"]
[BlackElo "2365"]
[PlyCount "125"]
[EventDate "1975.03.27"]
[EventType "tourn"]
[EventRounds "15"]
[EventCountry "ENG"]
[EventCategory "6"]
[SourceTitle "BritBase"]
[Source "John Saunders"]
[SourceDate "2025.06.06"]
[SourceVersion "1"]
[SourceVersionDate "2025.06.06"]
[SourceQuality "1"]

1. c4 e5 2. Nc3 Nc6 3. Nf3 Nf6 4. d4 exd4 5. Nxd4 Bc5 6. e3 O-O 7. Nxc6 bxc6 8. Be2 d5 9. O-O Bd6 10. Bd2 Rb8 11. b3 dxc4 12. bxc4 Rb2 13. Bc1 Rb8 14. Rb1 Rxb1 15. Nxb1 Bf5 16. Nd2 Qb8 17. Qb3 Qb6 18. Bb2 Rd8 19. Bxf6 gxf6 20. Nf3 c5 21. Rc1 Rb8 22. Bd1 Be4 23. Nd2 Ba8 24. h3 Kg7 25. Bf3 Bxf3 26. gxf3 Qxb3 27. axb3 Be5 28. Rc2 f5 29. f4 Bf6 30. Kf1 a5 31. Ke2 Kg6 32. Ra2 Bc3 33. Kd3 Bb4 34. Nf3 Rd8+ 35. Ke2 Kh5 36. Ra1 Bc3 37. Rd1 Rd6 38. Rd5 Rxd5 39. cxd5 c4 40. bxc4 a4 41. Kd3 Bb4 42. Kc2 f6 43. Kb2 Bf8 44. Nd4 Kh4 45. Nb5 Kxh3 46. Nxc7 h5 47. Ne6 Bb4 48. c5 h4 49. d6 Kg2 50. d7 Ba5 51. Ka3 h3 52. Kxa4 h2 53. Kxa5 h1=Q 54. d8=Q Qa1+ 55. Kb6 Qb2+ 56. Kc6 Kxf2 57. Qd4 Qb1 58. Kd6 Qb8+ 59. Ke7 Qb7+ 60. Kxf6 Kf3 61. Qd3 Kf2 62. Qd2+ Kg3 63. Qd6 1-0